Kon-Tiki: a través del pacífico en una balsa
Spremljeno u:
| Glavni autor: | |
|---|---|
| Format: | Knjiga |
| Jezik: | španjolski |
| Izdano: |
Buenos Aires
Jackson
1952
|
| Teme: | |
| Oznake: |
Dodaj oznaku
Bez oznaka, Budi prvi tko označuje ovaj zapis!
|
MARC
| LEADER | 00000nam a2200000 a 4500 | ||
|---|---|---|---|
| 001 | UCH1501 | ||
| 003 | CL-VaPUC | ||
| 008 | 090430e19520000AG |||||||||||||||||spa|d | ||
| 082 | 0 | 4 | |a 910.45 |b HEY |2 21 |
| 100 | 0 | |a Heyerdahl, Thor |e author |9 468074 | |
| 245 | 1 | 0 | |a Kon-Tiki: a través del pacífico en una balsa |
| 300 | |a 294 p | ||
| 942 | |c BK | ||
| 945 | |d 20090430 00:00:00 |a rbrito | ||
| 260 | |a Buenos Aires |b Jackson |c 1952 | ||
| 650 | 0 | |a Viajes y descripciones |9 363745 | |
| 650 | 0 | |a Viajes y expediciones |9 408124 | |
| 651 | 7 | |a PACIFICO SUR |2 CL-VaPUC |9 399696 | |
| 583 | |a last modification |c 20090430 00:00:00 |k Rodrigo Vera | ||
| 999 | |c 333512 |d 333510 | ||
| 952 | |0 0 |1 0 |4 0 |6 910_450000000000000_HEY_1952 |7 0 |8 X |9 421966 |a FDOBUD |b FDOBUD |d 2019-11-22 |i 4526643 |o 910.45 HEY 1952 |p 4526643 |r 2019-11-22 |w 2019-11-22 |y BK_X |k BUD | ||